00558nam a22002177a 4500003000500000005001700005008004100022010001000063011001000073035001000083040000900093082001600102100002400118245005500142260002900197300001100226490002000237650003200257650003100289830002000320CHAP20220817041925.0971013s1978 r 00010 d a28868 a29840 a33951 cCHAP a146.3bL42Y00aLecourt, Dominique. aLysenkob: historia real de una ciencia proletaria aBarcelona :bLaia,c1978 a207 p. aPapel 451v; 4414aCientíficos soviéticos.14aMaterialismo dialéctico.0 aPapel 451v; 44